000 00653nam a2200181Ia 4500
008 090124s9999 xx 000 0 und d
082 _b133210
_a101284
100 _aदेशपांडे भालचंद्र
245 _a आणि धरणीकंप होत राहिला
250 _a1
260 _c2005
300 _a204
600 _aदेशपांडे भालचंद्र
630 _a आणि धरणीकंप होत राहिला
700 _aदेशपांडे भालचंद्र
730 _a आणि धरणीकंप होत राहिला
942 _cBOOK
999 _c179426
_d179426